The World's Most Powerful Navies - Statistics

General Stats
  • This quiz has been taken 106 times
  • The average score is 13 of 20
Answer Stats
Rank Total Naval Assets Answer % Correct
3 415 USA
100%
5 352 Russia
97%
2 714 China
96%
7 295 India
91%
18 131 Japan
91%
14 166 South Korea
88%
12 194 Turkey
80%
1 967 North Korea
79%
16 143 Italy
78%
10 221 Indonesia
75%
4 398 Iran
75%
11 197 Pakistan
75%
= 143 Mexico
70%
6 319 Egypt
67%
20 119 Philippines
57%
9 234 Columbia
36%
8 270 Finland
33%
15 155 Myanmar
30%
13 173 Bolivia
8%
19 121 Morroco
2%
No matching quizzes found
Score Distribution
Percent of People with Each Score
Percentile by Number Answered
Your Score History
You have not taken this quiz